00541nam a2200193Ii 450000100060000000300090000600800410001502000150005604000330007104100080010408200180011210000150013024500610014526400480020630000120025433600260026633700280029233800270032020350CO-ViMGA241108s9999||||xx |||||||||||||| ||und|| a8426133762 aCO-ViMGAbspaerdacCO-ViMGA0 aspa04a613.0432 P84b1 aIvan. Puig10aBebés sanos y seguros :bdel nacimiento a los 3 años 1aMadrid, España : Editorial Juventud, 2004 avolumen atextbtxt2rdacontent aunmediatedbn2rdamedia avolumebnc2rdacarrier